| 000 | 01021nam a22002897a 4500 | ||
|---|---|---|---|
| 001 | BR9903844 | ||
| 003 | BR-BrBNA | ||
| 005 | 20230928100501.0 | ||
| 007 | ta | ||
| 008 | 230509b bl.||||| |||| 00| 0 por d | ||
| 040 |
_aBR-BrBNA _bpor _cBiblioteca Nacional de Agricultura |
||
| 041 | _a(Por) | ||
| 072 |
_aL73 _b6100 _b4110 |
||
| 090 | _ 6100 BR9903844 | ||
| 100 | 1 | _aRocha, A.C.G.P. da | |
| 110 | 1 |
_aUniversidade Federal do Rio Grande do Sul, Porto Alegre (Brasil). Faculdade de Veterinaria _0Tese (Mestre em Ciencias Veterinarias) _911169 |
|
| 245 | 1 | _aFatores de virulencia de amostras de Escherichia coli isoladas de frangos de corte com problemas respiratorios | |
| 260 | 3 |
_aPorto Alegre, RS (Brasil): _c1999. |
|
| 300 | _a107 p. | ||
| 500 | _aSummaries (Eng, Por); Bibliography p. 84-94; 15 tables; 6 illus. | ||
| 650 | _aFrango de Corte | ||
| 650 | _aBacteria Patogenica | ||
| 650 | _aDoenca Respiratoria | ||
| 650 | _aAnalise de Laboratorio | ||
| 909 |
_a202309 _bLucia _c55 _dLucia Elande |
||
| 942 | _cBK | ||
| 999 |
_c61505 _d61505 |
||